[Event "Moscow-Open 2021_A"]
[Site "Moscow"]
[Date "2021.02.20"]
[Round "1.59"]
[White "Mochalin, Faddey"]
[Black "Lebedev, Artem S"]
[Result "*"]
[WhiteElo "2110"]
[BlackElo "1623"]
[PlyCount "69"]
[EventDate "2021.02.20"]

1. d4 d5 2. Nf3 Nf6 3. c4 e6 4. Nc3 Be7 5. Bf4 O-O 6. e3 b6 7. Bd3 dxc4 8. Bxc4
Bb7 9. O-O Nbd7 10. Qe2 Ne4 11. Bd3 Ndf6 12. Nxe4 Bxe4 13. Bxe4 Nxe4 14. Qc2
Nd6 15. Ne5 Bf6 16. Nc6 Qd7 17. Rfd1 Rfe8 18. e4 Be7 19. Rac1 Rec8 20. d5 Bf8
21. f3 f6 22. Qb3 e5 23. Bg3 Kh8 24. Rc3 Nb7 25. Qc2 Nd8 26. Nxd8 Qxd8 27. Rc1
Qd7 28. Rxc7 Rxc7 29. Qxc7 Qb5 30. Qc2 Bc5+ 31. Bf2 Bxf2+ 32. Kxf2 f5 33. Qc8+
Qe8 34. Qxe8+ Rxe8 35. d6 *

[Event "Moscow-Open 2021_A"]
[Site "Moscow"]
[Date "2021.02.20"]
[Round "1.60"]
[White "Korovko, Iakov"]
[Black "Indzhiev, Aldar"]
[Result "*"]
[WhiteElo "1606"]
[BlackElo "2109"]
[PlyCount "86"]
[EventDate "2021.02.20"]

1. e4 c5 2. Nc3 g6 3. f4 Bg7 4. Nf3 Nc6 5. Bc4 a6 6. d3 e6 7. O-O Nge7 8. Qe1
O-O 9. e5 d5 10. Bb3 b5 11. a4 b4 12. Ne2 Na5 13. Bd2 Nxb3 14. cxb3 a5 15. Be3
d4 16. Bf2 Ba6 17. Qb1 Nf5 18. Nd2 f6 19. Ne4 Qd5 20. exf6 Bxf6 21. Qc2 Rac8
22. Nd2 Bh4 23. Nf3 Bxf2+ 24. Rxf2 Ne3 25. Qd2 Qxb3 26. Ne5 Qd5 27. Rc1 Bb7 28.
Ng3 c4 29. dxc4 Nxc4 30. Nxc4 Rxc4 31. Re1 d3 32. Qe3 Rc2 33. Qxe6+ Qxe6 34.
Rxe6 Rd8 35. Re1 d2 36. Rd1 Rxb2 37. Nf1 Bc6 38. Rfxd2 Rbxd2 39. Rxd2 Rxd2 40.
Nxd2 Bxa4 41. Nc4 Bc6 42. Ne5 Bb5 43. Kf2 a4 *

[Event "Moscow-Open 2021_A"]
[Site "Moscow"]
[Date "2021.02.20"]
[Round "1.61"]
[White "Gorovenko, Darya"]
[Black "Kleimenov, Nikolay"]
[Result "*"]
[WhiteElo "2106"]
[BlackElo "1600"]
[PlyCount "91"]
[EventDate "2021.02.20"]

1. d4 d5 2. Nf3 Bf5 3. g3 Nf6 4. Bg2 e6 5. O-O Nbd7 6. c4 c6 7. Qb3 Qb6 8. c5
Qxb3 9. axb3 Be7 10. b4 O-O 11. Nc3 a6 12. Bf4 h6 13. Nd2 g5 14. Be5 Ng4 15.
Bd6 Bxd6 16. cxd6 Nb6 17. e4 Bh7 18. e5 h5 19. Nf3 Nh6 20. Nxg5 Bd3 21. Rfd1
Bc2 22. Rdc1 Bd3 23. Bf1 Bxf1 24. Rxf1 Nf5 25. Rfd1 Rae8 26. Na4 Nxa4 27. Rxa4
Kg7 28. Ra3 Kg6 29. Nh3 Ra8 30. Nf4+ Kh6 31. Kf1 Rfc8 32. h3 Kg5 33. Ne2 Rg8
34. f4+ Kh6 35. Kf2 Kh7 36. Rg1 Nh6 37. Kf3 Rg7 38. b5 cxb5 39. Rc3 f5 40. Rgc1
Rd8 41. Rc7 Nf7 42. Re7 Nxd6 43. exd6 Rxd6 44. Rcc7 Rxe7 45. Rxe7+ Kg6 46. Rxb7
*

[Event "Moscow-Open 2021_A"]
[Site "Moscow"]
[Date "2021.02.20"]
[Round "1.62"]
[White "Cherniaev, Danil"]
[Black "Polukhin, Alexander"]
[Result "*"]
[WhiteElo "1583"]
[BlackElo "2105"]
[PlyCount "71"]
[EventDate "2021.02.20"]

1. d4 Nf6 2. c4 e5 3. dxe5 Ng4 4. Nf3 Bc5 5. e3 Nc6 6. Nc3 O-O 7. Be2 Re8 8.
O-O Ngxe5 9. a3 a5 10. b3 Nxf3+ 11. Bxf3 Ne5 12. Be2 Ra6 13. e4 Rd6 14. Qc2 Qh4
15. Nd5 Rg6 16. Bf4 Rge6 17. b4 Ba7 18. c5 Qd8 19. Bg3 Rh6 20. Qc3 d6 21. cxd6
cxd6 22. Rac1 Bd7 23. Qc7 Rhe6 24. Qxd8 Rxd8 25. Rc7 Kf8 26. Rxb7 Bd4 27. bxa5
Bc6 28. Rc7 Ra8 29. a6 Ke8 30. Kh1 Kd8 31. f4 Bxd5 32. fxe5 Kxc7 33. exd6+ Kc6
34. exd5+ Kb6 35. Rb1+ Ka7 36. dxe6 *

[Event "Moscow-Open 2021_A"]
[Site "Moscow"]
[Date "2021.02.20"]
[Round "1.63"]
[White "Popovich, Alexey"]
[Black "Silenko, Alexey"]
[Result "*"]
[WhiteElo "2102"]
[BlackElo "1561"]
[PlyCount "67"]
[EventDate "2021.02.20"]

1. e4 e6 2. d4 d5 3. Nc3 Bb4 4. e5 Ne7 5. Bd2 c5 6. Nb5 Bxd2+ 7. Qxd2 O-O 8. f4
cxd4 9. Nf3 Nbc6 10. Nbxd4 Nxd4 11. Nxd4 Nc6 12. Nf3 f6 13. Bd3 Bd7 14. O-O f5
15. Kh1 Rc8 16. Rg1 Qb6 17. c3 Na5 18. g4 Bb5 19. Bxb5 Qxb5 20. gxf5 Nc4 21.
Qg2 Qd7 22. f6 g6 23. Qh3 Ne3 24. Nh4 d4 25. Rg5 Qd5+ 26. Kg1 Nf5 27. Nxg6 hxg6
28. Qh5 Rf7 29. Rxg6+ Ng7 30. Rxg7+ Rxg7+ 31. fxg7 Kxg7 32. Kf2 Rg8 33. Rg1+
Kf8 34. Qh6+ *

[Event "Moscow-Open 2021_A"]
[Site "Moscow"]
[Date "2021.02.20"]
[Round "1.64"]
[White "Agkatsev, Albert A"]
[Black "Gotsiuk, Denis"]
[Result "*"]
[WhiteElo "1550"]
[BlackElo "2102"]
[PlyCount "131"]
[EventDate "2021.02.20"]

1. e4 Nf6 2. Nc3 d5 3. e5 d4 4. Nce2 d3 5. cxd3 Nd5 6. d4 Nb4 7. d3 N8c6 8. a3
Nd5 9. h3 Bf5 10. Nf3 e6 11. Ng3 Bg6 12. Be2 Nde7 13. Be3 Nf5 14. Nxf5 Bxf5 15.
Qb3 Rb8 16. O-O Be7 17. Qc4 Qd7 18. Rac1 O-O 19. Nd2 Rfd8 20. Nb3 Bf8 21. f4 h6
22. g4 Bh7 23. Bf3 Ne7 24. Nc5 Qc8 25. Ne4 Nd5 26. Bd2 Qd7 27. Nc5 Qe7 28. Bxd5
Rxd5 29. f5 Qh4 30. Rf3 Bxc5 31. dxc5 Qd8 32. Re1 Rd4 33. Qb3 Qd7 34. Ref1 c6
35. Qc2 b6 36. cxb6 axb6 37. Bc3 Rd5 38. d4 c5 39. dxc5 bxc5 40. Qf2 exf5 41.
gxf5 Rd3 42. Qg3 Rxf3 43. Rxf3 Re8 44. e6 fxe6 45. f6 Bf5 46. Qxg7+ Qxg7+ 47.
fxg7 Rd8 48. Bf6 Rd1+ 49. Kh2 c4 50. Rf4 Rd2+ 51. Kg3 Rd3+ 52. Kf2 Rd2+ 53. Ke1
Rg2 54. Rxc4 Kf7 55. Rc8 Kxf6 56. g8=Q Rxg8 57. Rxg8 Bxh3 58. a4 Kf7 59. Rh8
Kg7 60. Rb8 Bg2 61. a5 h5 62. a6 h4 63. Rb4 h3 64. Rg4+ Kf6 65. Rxg2 h2 66.
Rxh2 *

[Event "Moscow-Open 2021_A"]
[Site "Moscow"]
[Date "2021.02.20"]
[Round "1.65"]
[White "Teiitbaev, Aktilek"]
[Black "Lunin, Aleksey"]
[Result "*"]
[WhiteElo "2100"]
[BlackElo "1513"]
[PlyCount "55"]
[EventDate "2021.02.20"]

1. d4 d6 2. Nf3 g6 3. c4 Bg7 4. Nc3 Nd7 5. e4 e5 6. Be2 Ne7 7. O-O O-O 8. Be3
h6 9. Qd2 Kh7 10. Rad1 Nc6 11. Rfe1 exd4 12. Nxd4 Nde5 13. h3 Nxd4 14. Bxd4 Be6
15. f4 Nd7 16. Bf3 Bxd4+ 17. Qxd4 Qf6 18. e5 dxe5 19. fxe5 Qg5 20. h4 Qg3 21.
Ne4 c5 22. Qxd7 Qxe1+ 23. Rxe1 Bxd7 24. Nf6+ Kg7 25. Nxd7 Rfe8 26. Nxc5 Rac8
27. Nxb7 Re7 28. c5 *

[Event "Moscow-Open 2021_A"]
[Site "Moscow"]
[Date "2021.02.20"]
[Round "1.66"]
[White "Artemov, Maxim"]
[Black "Khmelev, Mikhail"]
[Result "*"]
[WhiteElo "1510"]
[BlackElo "2077"]
[PlyCount "63"]
[EventDate "2021.02.20"]

1. d4 Nf6 2. Nf3 e6 3. g3 d5 4. c4 c5 5. cxd5 exd5 6. Bg2 Nc6 7. Nc3 Be7 8. O-O
O-O 9. dxc5 Bxc5 10. a3 a5 11. Bg5 d4 12. Ne4 Be7 13. Nxf6+ Bxf6 14. Bxf6 Qxf6
15. Ne1 Rd8 16. Nd3 Bf5 17. Rc1 Rac8 18. Qb3 Ne5 19. Rxc8 Rxc8 20. Qxb7 Nxd3
21. exd3 Re8 22. Bc6 Rd8 23. Be4 Bxe4 24. Qxe4 Qb6 25. Re1 h6 26. Re2 Qb3 27.
Kg2 a4 28. Qf3 Kf8 29. Qe4 Kg8 30. Qf3 Kf8 31. Qe4 Kg8 32. Qf3 *

[Event "Moscow-Open 2021_A"]
[Site "Moscow"]
[Date "2021.02.20"]
[Round "1.67"]
[White "Popov, Maksim"]
[Black "Makarenko, Kirill"]
[Result "1-0"]
[WhiteElo "2062"]
[BlackElo "1507"]
[PlyCount "89"]
[EventDate "2021.02.20"]

1. b3 Nf6 2. Bb2 d6 3. g3 g6 4. Bxf6 exf6 5. c4 Bg7 6. Nc3 c6 7. Bg2 f5 8. Rc1
O-O 9. e3 Re8 10. Nge2 Nd7 11. O-O Nf6 12. d3 Qe7 13. b4 Be6 14. b5 Rac8 15.
Qa4 Qc7 16. bxc6 bxc6 17. Rb1 Nd7 18. Nd4 Nc5 19. Qc2 Bd7 20. Nb3 Na6 21. d4 d5
22. Qe2 c5 23. Nxd5 Qd6 24. Rfd1 cxd4 25. Nxd4 Qc5 26. Nb3 Qf8 27. h4 Be6 28.
h5 Nc5 29. Nxc5 Rxc5 30. Rb7 a5 31. Rdb1 Kh8 32. Nb6 Re7 33. Rxe7 Qxe7 34. Nd5
Qf8 35. Bf3 h6 36. hxg6 fxg6 37. Nf4 Bf7 38. Bd5 Kh7 39. Rb7 Bxd5 40. cxd5 Rc1+
41. Kg2 Qd6 42. Rxg7+ Kxg7 43. Qb2+ Kf7 44. Qxc1 g5 45. Qc6 1-0

[Event "Moscow-Open 2021_A"]
[Site "Moscow"]
[Date "2021.02.20"]
[Round "1.68"]
[White "Pereverzev, Timofei"]
[Black "Tarasenko, Iaroslav"]
[Result "0-1"]
[WhiteElo "1506"]
[BlackElo "2060"]
[PlyCount "65"]
[EventDate "2021.02.20"]

1. c4 Nf6 2. g3 g6 3. Bg2 Bg7 4. Nf3 O-O 5. O-O d6 6. d4 Nc6 7. Nc3 a6 8. Rb1
Bf5 9. Ra1 Rb8 10. Nh4 Bd7 11. e4 e5 12. d5 Nd4 13. b4 c5 14. bxc5 dxc5 15. Nf3
Ne8 16. Nxd4 exd4 17. Na4 Qa5 18. Nb2 b5 19. Qd3 Nd6 20. Bd2 Qd8 21. a4 f5 22.
f3 fxe4 23. fxe4 bxa4 24. Bf4 Rxb2 25. Bxd6 Bg4 26. Qa3 Rxg2+ 27. Kxg2 Qxd6 28.
Qxa4 Qe5 29. Qc2 Qh5 30. h4 Be2 31. Rf2 d3 32. Qb1 Qe5 33. Qb6 0-1

[Event "Moscow-Open 2021_A"]
[Site "Moscow"]
[Date "2021.02.20"]
[Round "1.69"]
[White "Zhuk, Kirill"]
[Black "Basiev, Georgiy"]
[Result "0-1"]
[WhiteElo "2054"]
[BlackElo "1448"]
[PlyCount "70"]
[EventDate "2021.02.20"]

1. e4 c5 2. Nf3 d6 3. d4 cxd4 4. Nxd4 Nf6 5. Nc3 g6 6. Be3 Bg7 7. f3 Nc6 8. Qd2
O-O 9. O-O-O d5 10. exd5 Nxd5 11. Nxc6 bxc6 12. Bd4 e5 13. Bc5 Be6 14. Ne4 f5
15. Ng5 Bh6 16. h4 Re8 17. Be2 Qf6 18. Kb1 Rad8 19. Bc4 Nf4 20. Qc3 Bxc4 21.
Qxc4+ Rd5 22. g3 Bxg5 23. hxg5 Qf7 24. Rhe1 Rxd1+ 25. Rxd1 Qxc4 26. Be3 Nd5 27.
Bd2 e4 28. b3 Qe2 29. fxe4 fxe4 30. c4 Ne3 31. Bxe3 Qxe3 32. Rd7 Qc3 33. Rxh7
Qe5 34. c5 e3 35. Rh6 Qf5+ 0-1

[Event "Moscow-Open 2021_A"]
[Site "Moscow"]
[Date "2021.02.20"]
[Round "1.70"]
[White "Davidyan, Vladimir"]
[Black "Zhukov, Ivan"]
[Result "0-1"]
[WhiteElo "1427"]
[BlackElo "2050"]
[PlyCount "52"]
[EventDate "2021.02.20"]

1. e4 c5 2. Nf3 d6 3. d4 cxd4 4. Nxd4 Nf6 5. Nc3 a6 6. Nb3 e6 7. Qe2 Nc6 8. Be3
Be7 9. O-O-O Qc7 10. g3 Rb8 11. Bg2 b5 12. f4 Bb7 13. h3 O-O 14. g4 Nd7 15. f5
Nce5 16. g5 Rfc8 17. f6 Bf8 18. h4 Nc4 19. Rh3 Nxe3 20. Rxe3 Ne5 21. h5 b4 22.
Nb1 gxf6 23. Rg3 fxg5 24. Rxg5+ Kh8 25. Rxe5 Bh6+ 26. Rd2 Qxc2# 0-1

[Event "Moscow-Open 2021_A"]
[Site "Moscow"]
[Date "2021.02.20"]
[Round "1.71"]
[White "Sabirov, Timur"]
[Black "Urivskiy, Arseniy A."]
[Result "1/2-1/2"]
[WhiteElo "2048"]
[BlackElo "1422"]
[PlyCount "62"]
[EventDate "2021.02.20"]

{[%evp 0,62,30,21,80,39,38,21,12,15,18,33,52,27,10,28,47,53,52,49,81,59,144,80,
82,83,67,-2,70,55,106,55,43,92,154,113,159,159,159,158,158,90,112,49,88,15,-25,
-4,0,-2,-24,-25,-41,-149,-152,-157,-150,-134,-25,-31,-24,-31,-25,-24,-25]} 1.
Nf3 c5 2. c4 Nf6 3. Nc3 Nc6 4. g3 g6 5. Bg2 Bg7 6. O-O O-O 7. d4 d6 8. d5 Nb8
9. h3 e5 10. e4 Ne8 11. Ne1 f5 12. Nd3 Nf6 13. Kh2 Nh5 14. f4 exf4 15. Nxf4
Nxf4 16. Bxf4 g5 17. Bd2 Be5 18. exf5 Bxf5 19. Qh5 Nd7 20. Bxg5 Qe8 21. Qxe8
Raxe8 22. Nb5 Bd3 23. Rxf8+ Rxf8 24. Be7 Rf2 25. Bxd6 Bxc4 26. Bxe5 Bxd5 27.
Rg1 Nxe5 28. Kh1 Bxg2+ 29. Rxg2 Rf1+ 30. Rg1 Rf2 31. Rg2 Rf1+ 1/2-1/2

[Event "Moscow-Open 2021_A"]
[Site "Moscow"]
[Date "2021.02.20"]
[Round "1.72"]
[White "Maimin, Leonid"]
[Black "Lupolov, Boris"]
[Result "0-1"]
[WhiteElo "1415"]
[BlackElo "2045"]
[PlyCount "74"]
[EventDate "2021.02.20"]

1. e4 c6 2. d4 d5 3. exd5 cxd5 4. Bd3 Nc6 5. c3 g6 6. Nf3 Bg7 7. O-O Nh6 8. Re1
O-O 9. Nbd2 Bf5 10. Bxf5 Nxf5 11. Nf1 e6 12. Ne3 Nxe3 13. Bxe3 b5 14. Qd2 Qb6
15. b4 a5 16. a3 Rfc8 17. Rec1 Ra6 18. Ne5 Nxe5 19. dxe5 Qd8 20. Bd4 Rc4 21. g3
Bf8 22. f4 Be7 23. Rd1 Qa8 24. Qb2 Bd8 25. Rac1 Bb6 26. Kh1 Bxd4 27. cxd4 axb4
28. axb4 Ra4 29. Ra1 Qa7 30. Rxa4 bxa4 31. b5 a3 32. b6 Qa4 33. Qa1 Rb4 34. Rb1
Rxb1+ 35. Qxb1 a2 36. Qa1 Qb5 37. Qxa2 Qf1# 0-1

[Event "Moscow-Open 2021_A"]
[Site "Moscow"]
[Date "2021.02.20"]
[Round "1.73"]
[White "Rostovtsev, Dmitry"]
[Black "Yurasov, Matfey"]
[Result "1-0"]
[WhiteElo "2037"]
[BlackElo "1402"]
[PlyCount "52"]
[EventDate "2021.02.20"]

1. e4 e6 2. d4 d5 3. Nd2 c5 4. exd5 exd5 5. Ngf3 Nf6 6. Bb5+ Bd7 7. Bxd7+ Nbxd7
8. O-O Be7 9. dxc5 Nxc5 10. Nb3 Nce4 11. Nfd4 O-O 12. Nf5 Qd7 13. Nxe7+ Qxe7
14. f3 Nd6 15. Re1 Qd7 16. Bg5 Qf5 17. Bxf6 gxf6 18. Qd3 Qg5 19. Nd4 Nc4 20. b3
Ne5 21. Qe3 Qh5 22. f4 Ng4 23. Qg3 Kh8 24. h3 Nh6 25. Qf3 Qg6 26. Re2 Rad8 1-0

[Event "Moscow-Open 2021_A"]
[Site "Moscow"]
[Date "2021.02.20"]
[Round "1.74"]
[White "Korelskiy, Egor"]
[Black "Oliinyk, Serafim"]
[Result "0-1"]
[WhiteElo "1371"]
[BlackElo "2035"]
[PlyCount "134"]
[EventDate "2021.02.20"]

1. e4 e5 2. Nf3 Nc6 3. Bb5 f5 4. Nc3 fxe4 5. Nxe4 Nf6 6. Nxf6+ Qxf6 7. Qe2 Be7
8. Bxc6 bxc6 9. O-O d6 10. d4 Bg4 11. dxe5 Bxf3 12. exf6 Bxe2 13. Re1 Bxf6 14.
Rxe2+ Kf7 15. c3 c5 16. Be3 Rab8 17. g4 h6 18. Kg2 Rb7 19. Rc1 a5 20. f4 a4 21.
a3 Re8 22. Kf3 d5 23. g5 hxg5 24. fxg5 Bd8 25. Rd1 c6 26. Rde1 Bb6 27. h4 Kg6
28. Kg4 Rbe7 29. h5+ Kh7 30. g6+ Kg8 31. Kf3 Rf8+ 32. Kg2 Rfe8 33. Kf3 Rf8+ 34.
Kg2 Re5 35. Bd2 Rxh5 36. Re8 Rhf5 37. Rxf8+ Kxf8 38. Rh1 Ke7 39. Rh8 c4 40. Kh3
Kf6 41. Rb8 Bf2 42. Rc8 Kxg6 43. Rxc6+ Kf7 44. Rc8 Bb6 45. Rh8 Kg6 46. Rb8 Rf6
47. Rb7 Kf5 48. Rxg7 Ke4 49. Rg2 Rf3+ 50. Kg4 Rf6 51. Bg5 Rf3 52. Rg1 Rf4+ 53.
Bxf4 Bxg1 54. Bc1 Kd3 55. Kf5 Kc2 56. Bf4 Kxb2 57. Ke5 Kxa3 58. Kxd5 Kb3 59.
Bc1 Bf2 60. Bd2 a3 61. Bc1 a2 62. Bb2 Kxb2 63. Kxc4 a1=Q 64. Kb5 Qf1+ 65. Kb4
Bc5+ 66. Ka5 Kxc3 67. Ka4 Qa6# 0-1

[Event "Moscow-Open 2021_A"]
[Site "Moscow"]
[Date "2021.02.20"]
[Round "1.75"]
[White "Dudarev, Vladislav"]
[Black "Fedosov, Alexander"]
[Result "1-0"]
[WhiteElo "2031"]
[BlackElo "1369"]
[PlyCount "65"]
[EventDate "2021.02.20"]

1. d4 Nf6 2. c4 g6 3. Nc3 d5 4. cxd5 Nxd5 5. Bd2 Bg7 6. e4 Nxc3 7. Bxc3 O-O 8.
Bc4 c5 9. d5 Bxc3+ 10. bxc3 Qa5 11. Qd2 b5 12. Bb3 c4 13. Bc2 Na6 14. a3 e6 15.
d6 Bb7 16. Ne2 Rfd8 17. f4 Nc5 18. Qd4 Qb6 19. Rd1 Nd7 20. Qd2 Nf6 21. e5 Ne4
22. Bxe4 Bxe4 23. Nd4 a5 24. O-O b4 25. Rfe1 Bd3 26. a4 b3 27. Qb2 Rab8 28. Kh1
h5 29. Re3 Qb7 30. Rde1 Qd5 31. Nb5 Kg7 32. Qf2 Rd7 33. Qb2 1-0

[Event "Moscow-Open 2021_A"]
[Site "Moscow"]
[Date "2021.02.20"]
[Round "1.76"]
[White "Agkatsev, Felix A"]
[Black "Shoshin, Kirill"]
[Result "1-0"]
[WhiteElo "1338"]
[BlackElo "2030"]
[PlyCount "83"]
[EventDate "2021.02.20"]

1. d4 Nf6 2. Nf3 d5 3. e3 c6 4. Bd3 Bg4 5. h3 Bh5 6. Nbd2 e6 7. g4 Bg6 8. Ne5
Bxd3 9. cxd3 Nbd7 10. Ndf3 c5 11. dxc5 Bxc5 12. Bd2 O-O 13. Bc3 Nxe5 14. Bxe5
Bb4+ 15. Bc3 Bxc3+ 16. bxc3 Qa5 17. Qb3 Rac8 18. Rc1 Rc7 19. Rc2 Rfc8 20. Kd2
Rc6 21. a3 Nd7 22. Qb4 Qc7 23. Rhc1 Nc5 24. Ke2 Rb6 25. Qf4 Qe7 26. Ra1 f6 27.
g5 f5 28. Ne5 Nd7 29. Nxd7 Qxd7 30. h4 Rb3 31. Qe5 Qc6 32. Kd2 Kf7 33. h5 Qc7
34. g6+ hxg6 35. hxg6+ Kf8 36. Qxe6 Rxc3 37. Qxf5+ Ke7 38. Qf7+ Kd6 39. Qf4+
Ke6 40. Qg4+ Kd6 41. Qb4+ Rc5 42. d4 1-0

[Event "Moscow-Open 2021_A"]
[Site "Moscow"]
[Date "2021.02.20"]
[Round "1.77"]
[White "Bogaudinov, Rushan"]
[Black "Bogov, Khetag"]
[Result "1-0"]
[WhiteElo "2016"]
[BlackElo "1263"]
[PlyCount "71"]
[EventDate "2021.02.20"]

1. e4 e5 2. Nf3 d6 3. d4 exd4 4. Nxd4 Nf6 5. Nc3 Be7 6. Be2 O-O 7. O-O a6 8. a4
c5 9. Nf3 Nc6 10. Bg5 Be6 11. Qd2 Ng4 12. Bxe7 Qxe7 13. Rad1 Rad8 14. h3 Nge5
15. Nxe5 dxe5 16. Nd5 Qh4 17. Qe3 Nd4 18. c3 Nxe2+ 19. Qxe2 f5 20. f3 Kh8 21.
Qf2 Qxf2+ 22. Rxf2 Bxd5 23. exd5 b5 24. axb5 axb5 25. b3 c4 26. bxc4 bxc4 27.
Re2 Rfe8 28. d6 g6 29. Rd5 e4 30. fxe4 fxe4 31. Kf2 Re6 32. Rd4 Rdxd6 33. Rxc4
Rc6 34. Rexe4 Rxc4 35. Rxc4 Kg7 36. Rf4 1-0

[Event "Moscow-Open 2021_A"]
[Site "Moscow"]
[Date "2021.02.20"]
[Round "1.78"]
[White "Khiryaev, Adam"]
[Black "Petrovsky, Nikita"]
[Result "0-1"]
[WhiteElo "1229"]
[BlackElo "2006"]
[PlyCount "74"]
[EventDate "2021.02.20"]

1. e4 c5 2. Nf3 Nc6 3. d4 cxd4 4. Nxd4 g6 5. c4 Nf6 6. Nc3 Nxd4 7. Qxd4 d6 8.
Be3 Bg7 9. Qd2 O-O 10. Be2 a5 11. a4 Be6 12. O-O Rc8 13. b3 Nd7 14. Rad1 Nc5
15. Bxc5 Rxc5 16. Nd5 Bd7 17. f4 Re8 18. f5 Be5 19. Qe3 e6 20. fxg6 hxg6 21.
Nf4 Qg5 22. Qf3 Qh6 23. h3 Bc6 24. Nd3 Bd4+ 25. Kh1 Rf5 26. Qg4 Rg5 27. Qf4 Rf8
28. h4 f6 29. Qh2 Be5 30. Nf4 Bxe4 31. hxg5 Qxh2+ 32. Kxh2 fxg5 33. Bd3 Bxf4+
34. g3 Bxd3 35. Rf2 Be4 36. gxf4 gxf4 37. Rxd6 Rf6 0-1

[Event "Moscow-Open 2021_A"]
[Site "Moscow"]
[Date "2021.02.20"]
[Round "1.79"]
[White "Zverev, Lev"]
[Black "Zadorozhy, Egor"]
[Result "0-1"]
[WhiteElo "1987"]
[BlackElo "1156"]
[PlyCount "82"]
[EventDate "2021.02.20"]

1. e4 c5 2. Nf3 Nc6 3. d4 cxd4 4. Nxd4 Nf6 5. Nc3 e6 6. Ndb5 Bb4 7. a3 Bxc3+ 8.
Nxc3 d5 9. exd5 exd5 10. Bd3 O-O 11. O-O d4 12. Ne2 Bg4 13. f3 Bh5 14. Nf4 Bg6
15. Nxg6 hxg6 16. Re1 Qb6 17. Rb1 Nd5 18. Bd2 Rfe8 19. Re4 Ne3 20. Qe1 Rxe4 21.
Bxe4 Re8 22. Qf2 Nc4 23. b3 Nxa3 24. Re1 Nb5 25. Bd3 Rc8 26. Qg3 Qc5 27. Qg4
Ra8 28. Qd7 Nd6 29. Bf4 Qb4 30. Re2 Rd8 31. Qg4 Nb5 32. Kf2 Nc3 33. Re1 Nd5 34.
Bg5 Rb8 35. h4 Ne3 36. Qg3 Re8 37. Kg1 Ne5 38. Be4 f5 39. Bd5+ Nxd5 40. Rxe5
Rxe5 41. Qxe5 Ne3 0-1

[Event "Moscow-Open 2021_A"]
[Site "Moscow"]
[Date "2021.02.21"]
[Round "2.7"]
[White "Nakonechny, Ignat"]
[Black "Stupak, Kirill"]
[Result "0-1"]
[WhiteElo "2158"]
[BlackElo "2492"]
[PlyCount "94"]
[EventDate "2021.02.20"]

1. e4 Nf6 2. e5 Nd5 3. d4 d6 4. Nf3 Nb6 5. a4 a5 6. Bd3 g6 7. O-O Bg7 8. Re1
O-O 9. Bg5 dxe5 10. dxe5 Nc6 11. h3 Be6 12. Qc1 Bd5 13. Nbd2 Nd7 14. Bf4 Nc5
15. Bc4 Ne6 16. Bg3 Bh6 17. Qd1 Nb4 18. Re2 b6 19. Bxd5 Qxd5 20. Ne4 Qc6 21.
Nc3 Rfd8 22. Qf1 Rd7 23. Rd1 Rad8 24. Rxd7 Rxd7 25. Qb1 Nd5 26. Nxd5 Qxd5 27.
Re1 c6 28. b3 Rd8 29. Kh2 Nc5 30. Kg1 Ne6 31. Kh2 b5 32. axb5 cxb5 33. Qa2 a4
34. Qa3 Qc5 35. Qxc5 Nxc5 36. bxa4 bxa4 37. Ra1 Kf8 38. e6 f6 39. Bc7 Ra8 40.
Nd4 Bd2 41. Ra2 Ra6 42. c4 Bc3 43. Nb5 Bb4 44. Nd4 a3 45. Ne2 Nd3 46. f4 Bc5
47. g4 Ra7 0-1

[Event "Moscow-Open 2021_A"]
[Site "Moscow"]
[Date "2021.02.21"]
[Round "2.8"]
[White "Faizrakhmanov, Ramil"]
[Black "Zhukenov, Aituar"]
[Result "1-0"]
[WhiteElo "2476"]
[BlackElo "2144"]
[PlyCount "127"]
[EventDate "2021.02.20"]

1. d4 Nf6 2. c4 c5 3. d5 e6 4. Nc3 exd5 5. cxd5 d6 6. Nf3 g6 7. Nd2 Bg7 8. e4
O-O 9. Be2 Re8 10. O-O Nbd7 11. Qc2 Ne5 12. Re1 Nfg4 13. Nf1 f5 14. Bf4 Rf8 15.
exf5 Bxf5 16. Qd2 a6 17. a4 Qd7 18. Ng3 Rae8 19. h3 Nf6 20. Bf1 Nh5 21. Nxh5
gxh5 22. Bg3 Ng6 23. Rxe8 Rxe8 24. Re1 Rf8 25. h4 Ne5 26. Ne4 Bxe4 27. Rxe4 Qf5
28. Rf4 Qg6 29. Rxf8+ Kxf8 30. Qd1 Qg4 31. Qb3 Qb4 32. Qxb4 cxb4 33. b3 Ke7 34.
Be2 Ng4 35. Bd3 Nf6 36. Kf1 h6 37. Bg6 b6 38. Ke2 Nxd5 39. Bxh5 Be5 40. Bxe5
dxe5 41. Bf3 Nf4+ 42. Ke3 Ne6 43. Bd5 Nc5 44. Kf3 Kf6 45. g3 Kf5 46. Be4+ Ke6
47. Bc2 Kf6 48. Ke3 Ne6 49. Ke4 Nd4 50. Bd1 b5 51. a5 Nc6 52. Kd5 Nxa5 53. g4
Nb7 54. Kc6 Nd8+ 55. Kb6 Nf7 56. Kxa6 Nd6 57. Ka5 Ne4 58. f3 Nc3 59. Bc2 Nd5
60. Kxb5 Ne3 61. Be4 Ng2 62. h5 Nf4 63. Kxb4 Ne6 64. Kc4 1-0

[Event "Moscow-Open 2021_A"]
[Site "Moscow"]
[Date "2021.02.21"]
[Round "2.9"]
[White "Mikhnenko, Alexander"]
[Black "Nesterov, Arseniy"]
[Result "0-1"]
[WhiteElo "2129"]
[BlackElo "2476"]
[PlyCount "142"]
[EventDate "2021.02.20"]

1. d4 Nf6 2. Nf3 e6 3. g3 b6 4. Bg2 Bb7 5. O-O Be7 6. c4 O-O 7. Re1 d5 8. cxd5
exd5 9. Nc3 Na6 10. Bf4 c5 11. dxc5 bxc5 12. Qb3 Qb6 13. Ne5 Qxb3 14. axb3 Nb4
15. Red1 a6 16. Rac1 Rfe8 17. Nc4 Rad8 18. Na4 Nc6 19. Nd2 Nd4 20. Kf1 Bc6 21.
Nc3 h6 22. e3 Ne6 23. Nc4 Ne4 24. Nxe4 dxe4 25. Be5 f6 26. Bd6 Kf7 27. h4 g5
28. Bh3 Rg8 29. Bg4 gxh4 30. Bh5+ Kf8 31. gxh4 Bxd6 32. Rxd6 Rxd6 33. Nxd6 Rg7
34. Be2 Rd7 35. Nf5 Rd5 36. Ng3 Rd2 37. Bxa6 Rxb2 38. Bc4 Nc7 39. Nf5 h5 40.
Rd1 Ke8 41. Rd6 Bb5 42. Ng7+ Kf8 43. Nxh5 Rxb3 44. Rxf6+ Ke7 45. Rf7+ Kd6 46.
Bxb5 Nxb5 47. Ng3 Ke6 48. Rf4 Rb1+ 49. Kg2 c4 50. h5 c3 51. h6 c2 52. h7 c1=Q
53. Rxe4+ Kd7 54. h8=Q Qg1+ 55. Kf3 Qd1+ 56. Kf4 Qd6+ 57. Kg4 Qg6+ 58. Kf3 Nd6
59. Qh3+ Kd8 60. Rd4 Kc7 61. Qh4 Rb8 62. Kg2 Re8 63. Ra4 Qc2 64. Ra7+ Kc8 65.
Ra6 Qc5 66. Qf4 Re6 67. Qf8+ Kc7 68. Kh2 Kd7 69. Ra7+ Qxa7 70. Qg7+ Re7 71.
Qg4+ Kc7 0-1

[Event "Moscow-Open 2021_A"]
[Site "Moscow"]
[Date "2021.02.21"]
[Round "2.10"]
[White "Makarian, Rudik"]
[Black "Yakimenko, Alexander A"]
[Result "1-0"]
[WhiteElo "2458"]
[BlackElo "2122"]
[PlyCount "139"]
[EventDate "2021.02.20"]

1. d4 e6 2. Nf3 f5 3. Bf4 Nf6 4. e3 Nh5 5. Bd3 Be7 6. O-O O-O 7. c4 d6 8. h3
Nxf4 9. exf4 Bf6 10. Nc3 c5 11. Bc2 Nc6 12. dxc5 dxc5 13. Ba4 Bd7 14. Qd6 Be7
15. Qd2 Nd4 16. Bxd7 Qxd7 17. Nxd4 cxd4 18. Ne2 Rad8 19. Rad1 Bf6 20. Nc1 e5
21. fxe5 Bxe5 22. Nd3 Bb8 23. f4 Rfe8 24. Rfe1 Qf7 25. Rxe8+ Rxe8 26. Re1 Re4
27. Rxe4 fxe4 28. Nc5 Qxc4 29. Nxe4 d3 30. Qe3 Bc7 31. Nf2 Qxf4 32. Qxf4 Bxf4
33. Nxd3 Be3+ 34. Kf1 Kf7 35. Ke2 Bd4 36. Kf3 Ke6 37. Ke4 Bf6 38. g4 Kd6 39. b3
b5 40. Nf4 Be5 41. h4 a5 42. Nd3 Bf6 43. h5 a4 44. Nf4 Bg5 45. Nd3 Bf6 46. Ne1
axb3 47. axb3 Kc5 48. Nd3+ Kd6 49. Nf4 Bg5 50. Nh3 Bc1 51. Nf2 Bg5 52. Nh3 Bc1
53. Nf2 Bg5 54. Kf5 Be3 55. Ne4+ Kd5 56. Nc3+ Kc5 57. g5 Bd4 58. Ne4+ Kb4 59.
Nd6 Bc5 60. Ne8 Bd4 61. Nc7 Bc3 62. g6 hxg6+ 63. hxg6 Be1 64. Ke6 Bg3 65. Ne8
Kxb3 66. Nxg7 Be1 67. Nh5 Bc3 68. Nf6 b4 69. g7 Kc2 70. g8=Q 1-0

[Event "Moscow-Open 2021_A"]
[Site "Moscow"]
[Date "2021.02.21"]
[Round "2.11"]
[White "Indzhiev, Aldar"]
[Black "Korchmar, Vasiliy"]
[Result "1-0"]
[WhiteElo "2109"]
[BlackElo "2451"]
[PlyCount "119"]
[EventDate "2021.02.20"]

1. d4 Nf6 2. c4 e6 3. Nf3 d5 4. Nc3 Bb4 5. cxd5 exd5 6. Bg5 h6 7. Bh4 O-O 8. e3
Bf5 9. Ne5 g5 10. Bg3 Ne4 11. Qb3 c5 12. f3 Nxc3 13. bxc3 Ba5 14. Kf2 f6 15.
Ng4 Kg7 16. h4 h5 17. Qxb7+ Nd7 18. Qxd5 Bg6 19. Bb5 Bxc3 20. Rac1 Bb2 21.
Qxd7+ Qxd7 22. Bxd7 Bxc1 23. Rxc1 hxg4 24. dxc5 gxh4 25. Bxh4 gxf3 26. gxf3 Be8
27. Be6 Bc6 28. Rg1+ Kh8 29. Bg3 Rfe8 30. Bf5 Re7 31. Bd6 Rb7 32. e4 a5 33. Ke3
Re8 34. Kf4 Rb2 35. Bg6 Rxa2 36. Bxe8 Bxe8 37. Be7 a4 38. Bxf6+ Kh7 39. Rg7+
Kh6 40. Re7 Bh5 41. Bg5+ Kg6 42. Re6+ Kf7 43. Rf6+ Kg7 44. Ke5 Rc2 45. Be3 a3
46. Ra6 a2 47. Bd4 Bf7 48. f4 Rd2 49. f5 Re2 50. Ra7 Rc2 51. Kf4+ Kf8 52. e5
Rd2 53. Ke3 Rh2 54. e6 Bh5 55. Be5 Re2+ 56. Kf4 Rc2 57. f6 Rc4+ 58. Ke3 Bg6 59.
Ra8+ Be8 60. f7 1-0